• 首页
  • 本馆介绍
  • 公告通知
  • 最新文献
  • 馆藏检索
  • 电子资源
  • 读者导购
  • 参考咨询
  • 我的图书馆
  • 登录
  • 详细信息显示
  • 放入我的书架
  • 预约/预借图书
  • 作者相关作品
  • 分类相关作品
  • 丛书相关作品
  • 出版社相关作品

书目信息

  • 表格格式
  • 工作单格式
  • 卡片格式
题名:
微电子专业英语
    
 
作者: 陈显平 主编
分册:  
出版信息: 北京   北京航空航天大学出版社  2015
页数: 210页
开本: 26cm
丛书名:
单 册:
中图分类: TN4
科图分类:
主题词: 微电子技术--教材--高等教育--英语
电子资源:
ISBN: 978-7-5124-1730-4
000 01088nam0 2200253 450
001 3738
005 20160926154842.93
010    @a978-7-5124-1730-4@b平装@dCNY28.00
100    @a20150812d2015 em y0chiy50 ea
101 0  @aeng@fchi
102    @aCN@b110000
105    @aa z 000yy
200 1  @a微电子专业英语@9wei dian zi zhuan ye ying yu@dProfessional English for microelectronics@zeng@f陈显平[等]主编
210    @a北京@c北京航空航天大学出版社@d2015
215    @a210页@c图@d26cm
300    @a普通高等教育创新型人才培养规划教材
304    @a主编还有:张平、杨道国、周强、蒙瑞燊
330    @a本书介绍了半导体物理的基本理论、半导体器件原理及MEMS设计的相关知识。主要内容包括:半导体、杂质、能带、晶格等基本概念,二极管的结构、电流、电压特性、开关特性,双极型、MOS晶体管的电流、电压方程、瞬变特性、开关特性、击穿特性及较新的结构设计等。
510 1  @aProfessional English for microelectronics@zeng
606 0  @a微电子技术@j教材@x高等教育@x英语
690    @aTN4@v5
701  0 @a陈显平@9chen xian ping@4主编
801  0 @aCN@b唐山师范学院图书馆@c20151002
905    @aZUCC@dTN4@e136
    
    微电子专业英语=Professional English for microelectronics/陈显平[等]主编.-北京:北京航空航天大学出版社,2015
    210页:图;26cm
    普通高等教育创新型人才培养规划教材
    
    ISBN 978-7-5124-1730-4(平装):CNY28.00
    本书介绍了半导体物理的基本理论、半导体器件原理及MEMS设计的相关知识。主要内容包括:半导体、杂质、能带、晶格等基本概念,二极管的结构、电流、电压特性、开关特性,双极型、MOS晶体管的电流、电压方程、瞬变特性、开关特性、击穿特性及较新的结构设计等。
●
相关链接 在E读中查询图书 在五车中查询图书 在当当中查询图书 在豆瓣中查询图书


正题名:微电子专业英语     索取号:TN4/136         预约/预借

序号 登录号 条形码 馆藏地/架位号 状态 备注
1 906097   209060978   第二样本阅览室/ [索取号:TN4/136] 在馆    
2 906098   209060987   第三借阅区/ [索取号:TN4/136] 在馆    
3 906099   209060996   第三借阅区/ [索取号:TN4/136] 在馆    
4 906100   209061003   第三借阅区/ [索取号:TN4/136] 在馆    
5 906101   209061012   第三借阅区/ [索取号:TN4/136] 在馆    
唐山师范学院图书馆 欢迎您!
大连网信软件有限公司© 版权所有